Top 100 Biggest Cities in New Jersey - Statistics

General Stats
  • This quiz has been taken 1,131 times
    190 since last reset
  • The average score is 35 of 100
Answer Stats
# City Population % Correct
1 Newark 311,549
98%
2 Jersey City 292,449
96%
9 Trenton 90,871
91%
60 Atlantic City 38,497
90%
3 Paterson 159,732
86%
13 Camden 71,791
84%
4 Elizabeth 137,298
83%
26 Hoboken 60,419
76%
31 New Brunswick 55,266
67%
6 Edison 107,588
63%
25 Vineland 60,780
62%
16 East Orange 69,612
61%
77 Princeton 30,681
61%
8 Toms River 95,438
61%
27 Union 59,728
61%
68 Orange 34,447
57%
15 Passaic 70,537
57%
14 Bayonne 71,686
56%
44 Hackensack 46,030
54%
38 West Orange 48,843
53%
11 Cherry Hill Township 74,553
50%
10 Clifton 90,296
50%
30 Perth Amboy 55,436
50%
5 Lakewood Township 135,158
49%
7 Woodbridge Township 103,639
49%
89 Ocean Township 27,672
47%
17 Union City 68,589
46%
36 West New York 52,912
46%
12 Brick Township 73,620
43%
37 East Brunswick 49,715
43%
58 Fort Lee 40,191
43%
56 Montclair 40,921
40%
42 South Brunswick 47,043
40%
49 North Brunswick 43,905
39%
80 Rahway 29,556
38%
19 Middletown 67,106
36%
91 Hamilton Township 27,484
35%
22 North Bergen 63,361
35%
20 Old Bridge Township 66,876
35%
24 Piscataway 60,804
35%
51 Linden 43,738
34%
33 Plainfield 54,586
34%
23 Irvington 61,176
32%
28 Jackson Township 58,544
32%
41 Egg Harbor Township 47,842
31%
18 Franklin Township 68,364
31%
53 Kearny 41,999
31%
21 Gloucester Township 66,034
30%
40 Monroe Township 48,594
30%
64 Monroe Township 37,117
30%
39 Washington Township 48,677
30%
32 Wayne 54,838
30%
66 Freehold Township 35,369
29%
94 Paramus 26,698
29%
86 Bergenfield 28,321
28%
45 Bridgewater Township 45,977
28%
63 Ewing Township 37,264
28%
73 Long Branch 31,667
28%
46 Sayreville 45,345
28%
55 Teaneck 41,246
27%
82 Englewood 29,308
26%
67 Fair Lawn 34,927
24%
69 Lawrence Township 33,077
24%
100 Maplewood 25,684
24%
95 Wall 26,525
24%
35 Bloomfield 53,105
23%
78 Nutley 30,143
23%
65 Pennsauken 37,074
23%
90 Millville 27,491
22%
92 Bridgeton 27,263
20%
70 Garfield 32,655
20%
34 Howell 53,537
20%
47 Manchester Township 45,115
20%
29 Parsippany-Troy Hills 56,162
20%
98 Ridgewood 25,979
20%
48 Mount Laurel 44,633
19%
76 Westfield 31,032
19%
79 East Windsor 30,045
18%
54 Marlboro 41,502
18%
81 West Windsor 29,518
18%
99 Cliffside Park 25,693
17%
57 Manalapan 40,905
17%
74 Livingston 31,330
16%
61 Belleville 38,222
15%
52 Hillsborough Township 43,276
15%
75 Voorhees 31,069
15%
50 Berkeley Township 43,754
14%
84 Lacey Township 28,655
14%
97 Lodi 26,206
14%
71 Deptford 31,977
13%
87 Neptune Township 28,061
13%
85 Stafford Township 28,617
13%
43 Evesham 46,826
11%
83 Mount Olive 28,886
9%
59 Winslow Township 39,907
9%
62 Galloway 37,813
8%
96 Randolph 26,504
8%
72 Willingboro 31,889
8%
93 Pemberton Township 26,903
6%
88 Bernards Township 27,830
5%
No matching quizzes found
Score Distribution
Percent of People with Each Score
Percentile by Number Answered
Your Score History
You have not taken this quiz since the last reset